Cosmopolitan

Bibliographic Details
Previous Title:Hearst's international combined with Cosmopolitan
Format: Electronic Journal
Language:English
Published: New York : Hearst Corp., 1952-
Subjects:
Online Access:Full text available from Research Library: 10/01/1996 to present

MARC

LEADER 00000nas a2200000 a 4500
001 ssj0005452
003 WaSeSS
005 20200512172242.0
006 m d
007 cr n
008 751101c19529999nyumx p s o 0 a0eng c
010 |a  86641114   |z sc 79003411   |z sn 78006225  
016 7 |a 2612315-0  |2 DE-600 
022 |l 0010-9541  |y 0010-9541 
032 |a 514870  |b USPS 
035 |a (WaSeSS)ssj0005452 
040 |a MUL  |b eng  |c MUL  |d NSD  |d DLC  |d NSD  |d DLC  |d NSD  |d DLC  |d NSD  |d AIP  |d DLC  |d OCL  |d DLC  |d NST  |d NSD  |d OCL  |d IUL  |d NSD  |d DLC  |d OCLCQ  |d KNV  |d VP@  |d OCLCQ  |d DLC  |d OCLCQ  |d OCLCF  |d OVY  |d DLC  |d OCL  |d NYG  |d GRR  |d OCLCO  |d SBVCA  |d LIP  |d XFH  |d FUG  |d OCLCQ  |d OCLCO  |d CPO  |d OCLCQ  |d OCLCO  |d PAU  |d OCLCQ  |d JOY  |d OCLCO  |d TR9  |d OCLCO  |d JX9  |d OCLCO  |d X#4  |d WaSeSS 
042 |a nsdp  |a pcc 
050 0 0 |a AP2  |b .C8 
082 0 4 |a 051  |2 19 
130 0 |a Cosmopolitan (New York, N.Y. : 1952) 
210 0 |a Cosmopolitan  |b (1952) 
222 0 |a Cosmopolitan  |b (1952) 
245 1 0 |a Cosmopolitan  |h [electronic resource]. 
260 |a New York :  |b Hearst Corp.,  |c 1952- 
310 |a Monthly 
362 0 |a Vol. 132, no. 4 (Apr. 1952)- 
506 |a License restrictions may limit access. 
580 |a Continues: Hearst's international combined with Cosmopolitan, reviving the title of the early Cosmopolitan, published Mar. 1886-Feb. 1925. 
588 |a Latest issue consulted: Vol. 267, no.6 (Decembuary 2019/2020). 
650 0 |a Periodicals. 
650 7 |a Periodicals.  |2 fast  |0 (OCoLC)fst01058072 
655 0 |a Electronic journals. 
775 1 |t Cosmopolitan (French ed.)  |x 1161-2258  |w (DLC)sn 92006198  |w (OCoLC)26619003 
776 0 8 |i Microform version:  |t Cosmopolitan  |x 0010-9541  |w (DLC)sf 86091526  |w (OCoLC)4930714 
780 1 0 |t Hearst's international combined with Cosmopolitan  |x 0740-6436  |w (DLC) 10015540  |w (OCoLC)1751924 
850 |a AAP  |a CaOOEDC  |a DLC  |a IaU  |a MoKU  |a NN  |a NcRS  |a ViBlbV 
853 2 0 |8 1  |a v.  |b no.  |u 6  |v r  |i (year)  |j (month)  |w m 
856 4 0 |z Full text available from Research Library: 10/01/1996 to present  |u https://search.proquest.com/publication/34781 
863 4 1 |8 1.1  |a 132  |b 4  |i 1952  |j 04